| 000 | 00614nam a2200193 4500 | ||
|---|---|---|---|
| 999 |
_c164054 _d164054 |
||
| 005 | 20190509112345.0 | ||
| 010 | _aENG-125148 | ||
| 020 |
_a9788171921539 _c799.00 |
||
| 035 | _aEN-108680 | ||
| 037 | _bDBAD/PUB | ||
| 082 | _a801.95 | ||
| 100 | _aGupta, Ashish | ||
| 245 |
_aA critical inquisition of the novels of Aravind adiga/ _cby Ashish Gupta |
||
| 260 |
_aNagpur _bDattasons _c2018 |
||
| 270 |
_aJawaharlal Nehru Marg _bSadar, Nagpur _e440001 _mdattsonspublishers@gmail.com |
||
| 300 |
_axii,145p. _c23cm(Hb) |
||
| 500 | _aIncludes references and index | ||
| 942 |
_2ddc _cEN _h801.95 _mGUP |
||